Normal view
MARC view
- Asad, Muhammad TCC-20
Entry Personal Name
001 - CONTROL NUMBER
- control field: 131218
003 - CONTROL NUMBER IDENTIFIER
- control field: NUST
005 - DATE AND TIME OF LATEST TRANSACTION
- control field: 20251016130548.0
008 - FIXED-LENGTH DATA ELEMENTS
- fixed length control field: 251016|| aca||aabn | a|a d
040 ## - CATALOGING SOURCE
- Original cataloging agency: NUST
- Transcribing agency: NUST
100 ## - HEADING--PERSONAL NAME
- Personal name: Asad, Muhammad TCC-20
670 ## - SOURCE DATA FOUND
- Source citation: Work cat.: (NUST)215423: Asad, Muhammad TCC-20, Virtual orthogonal antenna (compact antenna array with) enhanced beam-forming capability
